000 00898nam a2200253 a 4500
001 BRCA_6608
005 20190320205526.0
008 081010c1964----ag-af#####---#000-0#spa-#
041 _aspa
044 _aag
050 4 _aND553
_b.P56 71 1964
245 1 0 _aLos Lorenzetti
_cmonografía por Enzo Carli ; traducción por Jesús López Pacheco ; el juicio del siglo XX, por Osvaldo Savanascini.
260 _aArgentina
_bCodex
_c[1964]
300 _a1 v. (sin paginación)
_bil., 16 láminas a color
_c36 cm.
440 0 _aPinacoteca de los genios : la más grandiosa colección de arte del mundo
_v71
_916519
500 _aIncluye índice de ilustraciones
500 _aDonación Dra. Elsa Barberena
600 1 4 _aLorenzetti
_916520
700 1 _aCarli, Enzo
_916521
700 1 _aSvanascini, Osvaldo
_916522
700 1 _aLópez Pacheco, Jesús
_etr.
_916523
902 _aDEB
942 _2lcc
_cB
999 _c6292
_d6292